Cartography in the traditional Islamic and South Asian societies (Record no. 85612)

MARC details
000 -LEADER
fixed length control field 01012cam a2200253 4500
001 - CONTROL NUMBER
control field ##L1014
008 - FIXED-LENGTH DATA ELEMENTS--GENERAL INFORMATION
fixed length control field 090401t1992 xxu||||| |||| 00| 0 eng d
020 ## - INTERNATIONAL STANDARD BOOK NUMBER
International Standard Book Number 0226316351
035 ## - SYSTEM CONTROL NUMBER
System control number (Sirsi) u1014
041 0# - LANGUAGE CODE
Language code of text/sound track or separate title eng
050 00 - LIBRARY OF CONGRESS CALL NUMBER
Classification number 526.095 $2 18
245 00 - TITLE STATEMENT
Title Cartography in the traditional Islamic and South Asian societies
260 3# - PUBLICATION, DISTRIBUTION, ETC.
Place of publication, distribution, etc. Chicago
Name of publisher, distributor, etc. University of Chicago Press
Date of publication, distribution, etc. 1992
300 ## - PHYSICAL DESCRIPTION
Extent xxiv, 579p.
Other physical details ill
Dimensions 28cm.
350 ## - PRICE (NR) (BK AM CF MU VM SE) [OBSOLETE]
Price 84.96
490 #0 - SERIES STATEMENT
Series statement History of Cartography
Volume/sequential designation 2(1)
520 ## - SUMMARY, ETC.
Summary, etc. Compiled survey of the development of cartography as a science and an art. With the aid of an international team of specialists, the editors' aim to adopt a broad definition of a map by depicting it as an illustration of spatial relations, actual or symbolic, of a place, an event or concept.
650 24 - SUBJECT ADDED ENTRY--TOPICAL TERM
Topical term or geographic name entry element ISLAM
690 ## - LOCAL SUBJECT ADDED ENTRY--TOPICAL TERM (OCLC, RLIN)
Topical term or geographic name as entry element ENVIRONMENTAL AND LAND CONSULTANCY-GEOMATICS-MAPPING AND POSITIONING-CARTOGRAPHY
700 1# - ADDED ENTRY--PERSONAL NAME
Personal name Woodward D.
700 1# - ADDED ENTRY--PERSONAL NAME
Personal name Harley, J.B.
942 ## - ADDED ENTRY ELEMENTS (KOHA)
Suppress in OPAC 0
948 ## - LOCAL PROCESSING INFORMATION (OCLC); SERIES PART DESIGNATOR (RLIN)
c (OCLC) 04/03/1997
Holdings
Withdrawn status Lost status Source of classification or shelving scheme Damaged status Not for loan Home library Current library Shelving location Date acquired Cost, normal purchase price Total Checkouts Full call number Barcode Date last seen Copy number Cost, replacement price Price effective from Koha item type
    Dewey Decimal Classification     Archives Archives Basement 28/02/1994 84.96   F526.095 30040945 26/04/2024 1 84.96 06/08/2019 Book